000
00282nam a22001217a 4500
040
_c
SK
082
_a
664
100
_a
គង់ ថុង
245
_a
food processing; ការកែច្នៃអាហារ
260
_a
RUA
_b
គង់
_c
2011
300
_a
490p.
942
_c
EK
999
_c
8655
_d
8655